Report on state tax sharing entitlements 1981 (Record no. 500506)

000 -LEADER
fixed length control field 00459cam a22001097a 4500
008 - FIXED-LENGTH DATA ELEMENTS--GENERAL INFORMATION
fixed length control field 180718b1981 xxu||||| |||| 00| 0 eng d
082 ## - DEWEY DECIMAL CLASSIFICATION NUMBER
Classification number L212x94 Au78
245 ## - TITLE STATEMENT
Title Report on state tax sharing entitlements 1981
Statement of responsibility, etc. by Commonwealth Grants Commission
260 ## - PUBLICATION, DISTRIBUTION, ETC.
Place of publication, distribution, etc. Canberra
Name of publisher, distributor, etc. Australian Government Publixhing Service
Date of publication, distribution, etc. 1981
500 ## - GENERAL NOTE
General note Contents: Library has v.1: main report and v.2: appendixes, v.3: reports of consultants
700 ## - ADDED ENTRY--PERSONAL NAME
Personal name Commonwealth Grants Commission
Holdings
Withdrawn status Lost status Damaged status Not for loan Permanent Location Current Location Date acquired Full call number Barcode Date last seen Price effective from Koha item type
        Indian Institute of Public Administration Indian Institute of Public Administration 2018-08-04 L212x94 Au78 GG19248 2018-08-04 2018-08-04 GG
        Indian Institute of Public Administration Indian Institute of Public Administration 2018-08-04 L212x94 Au78 GG19247 2018-08-04 2018-08-04 GG

Powered by Koha